[Event "IX EICC"]
[Site "Plovdiv BUL"]
[Date "2008.04.30"]
[Round "9"]
[White "Belov, Vl"]
[Black "Shanava, K."]
[Result "1-0"]
[WhiteElo "2571"]
[BlackElo "2519"]
[PlyCount "177"]
[EventDate "2008.04.21"]
[SourceDate "1999.07.01"]

1. d4 Nf6 2. c4 e6 3. Nc3 Bb4 4. e3 O-O 5. Bd3 d5 6. Nf3 c5 7. O-O cxd4 8. exd4
dxc4 9. Bxc4 b6 10. Bg5 Bb7 11. Re1 Nbd7 12. Rc1 Bxc3 13. bxc3 Qc7 14. Bd3 Rac8
15. Bh4 Qd6 16. Nd2 Bd5 17. Ba6 Rcd8 18. Bf1 Rc8 19. Bg3 Qa3 20. c4 Ba8 21. Re3
Qe7 22. Qa4 Bc6 23. Qa3 Qxa3 24. Rxa3 Ra8 25. f3 Rfd8 26. Nb3 a5 27. Nd2 Rac8
28. Rb1 h6 29. Bf2 Ba8 30. Rb2 g5 31. Re3 Bb7 32. Nb1 Ba6 33. Na3 Ne8 34. Bg3
Ng7 35. Bf2 Nf5 36. Rc3 Rc6 37. Nb5 Bxb5 38. Rxb5 Nd6 39. Rb1 Rdc8 40. c5 bxc5
41. dxc5 Nf6 42. Rd3 Nf5 43. Rb5 a4 44. Rb4 Rxc5 45. Bxc5 Rxc5 46. Rd2 Ra5 47.
a3 Nd5 48. Rb5 Ra7 49. Bd3 Nfe7 50. Rdb2 Rc7 51. Rc2 Ra7 52. Be4 Kg7 53. Rcc5
f5 54. Bxd5 Nxd5 55. Rc6 Kf7 56. h4 Rd7 57. Kh2 Kf6 58. Rb2 gxh4 59. Rd2 Kf7
60. Rc4 Rb7 61. Rxa4 Ne3 62. Rd3 Nf1+ 63. Kh3 Rb1 64. Kxh4 Re1 65. f4 Kf6 66.
Kh3 h5 67. Rb4 Ne3 68. Kg3 Ng4 69. Rbd4 Re2 70. a4 Ra2 71. Rb4 h4+ 72. Kxh4
Rxg2 73. Kh3 Ra2 74. Kg3 Nf2 75. Rdd4 Ne4+ 76. Kf3 Ra3+ 77. Ke2 Kg6 78. Rd3
Ra2+ 79. Ke3 Nf6 80. Rd6 Ng4+ 81. Kd4 Kf6 82. Kc5 Nf2 83. Kb6 Ne4 84. Rdd4 Nc3
85. a5 Nd5+ 86. Rxd5 exd5 87. a6 Ke6 88. a7 Kd6 89. Rb5 1-0

[Event "IX EICC"]
[Site "Plovdiv BUL"]
[Date "2008.05.01"]
[Round "10"]
[White "Riazantsev, A."]
[Black "Drasko, M."]
[Result "1/2-1/2"]
[WhiteElo "2638"]
[BlackElo "2536"]
[PlyCount "213"]
[EventDate "2008.04.21"]
[SourceDate "1999.07.01"]

1. d4 e6 2. c4 Nf6 3. Nc3 Bb4 4. e3 O-O 5. Nge2 d5 6. a3 Be7 7. cxd5 exd5 8. b4
Nbd7 9. Ng3 Re8 10. Bd3 a5 11. b5 c5 12. bxc6 bxc6 13. O-O g6 14. Na4 Nb6 15.
Nxb6 Qxb6 16. a4 Ba6 17. Ba3 Bb4 18. Qc2 Rec8 19. Rfb1 Rab8 20. h3 Nd7 21. Qe2
Bxd3 22. Qxd3 Qa7 23. Nf1 c5 24. dxc5 Nxc5 25. Qxd5 Bxa3 26. Rxb8 Qxb8 27. Rxa3
Qb4 28. Ra1 Nxa4 29. Ng3 Nc3 30. Qxa5 Qxa5 31. Rxa5 h5 32. Re5 h4 33. Ne4 Nxe4
34. Rxe4 Rc1+ 35. Kh2 Rf1 36. Rf4 Kg7 37. g3 hxg3+ 38. Kxg3 g5 39. Ra4 Kg6 40.
h4 gxh4+ 41. Rxh4 f6 42. Rg4+ Kf7 43. Ra4 Rb1 44. Kf4 Rb2 45. f3 Kg6 46. Ra7
Rb4+ 47. e4 Rb1 48. Rd7 Rb5 49. Rd5 Rb3 50. Kg4 Rb4 51. Rd6 Ra4 52. Kg3 Kf7 53.
Rb6 Rc4 54. Kg4 Kg6 55. Rd6 Ra4 56. Kf4 Rb4 57. Ke3 Rb3+ 58. Rd3 Rb4 59. f4 Kf7
60. Ra3 Rb1 61. Ra7+ Ke8 62. Kf3 Rb4 63. Ke3 Rb1 64. Ra4 Rf1 65. Ra2 Kf7 66.
Rf2 Rd1 67. Kf3 Rd3+ 68. Kg4 Kg6 69. Ra2 Re3 70. f5+ Kf7 71. Ra7+ Kf8 72. Rb7
Re1 73. Rb3 Kf7 74. Rb7+ Kf8 75. Kf4 Ke8 76. Kf3 Kf8 77. Rb4 Ke7 78. Kf2 Ra1
79. Ke3 Rd1 80. Rb7+ Ke8 81. Rb3 Ke7 82. Rd3 Re1+ 83. Kd4 Kd6 84. Rd2 Rc1 85.
Ke3+ Ke7 86. Rh2 Rd1 87. Rg2 Ra1 88. Kf4 Kf7 89. Rb2 Re1 90. Rb7+ Kg8 91. Kg4
Rg1+ 92. Kh5 Rg2 93. Kh6 Rg1 94. Kh5 Rg2 95. Kh4 Rg1 96. Rb3 Kf7 97. Rg3 Re1
98. Rg4 Rh1+ 99. Kg3 Ra1 100. Rh4 Re1 101. Kf2 Ra1 102. Ke3 Rd1 103. Rh7+ Kf8
104. Rc7 Ke8 105. Kf3 Kf8 106. e5 Rd5 107. Rc8+ 1/2-1/2

[Event "IX EICC"]
[Site "Plovdiv BUL"]
[Date "2008.05.02"]
[Round "11"]
[White "Potkin, V."]
[Black "Khairullin, I."]
[Result "1/2-1/2"]
[WhiteElo "2617"]
[BlackElo "2554"]
[PlyCount "104"]
[EventDate "2008.04.21"]
[SourceDate "1999.07.01"]

1. d4 Nf6 2. c4 e6 3. Nc3 Bb4 4. e3 O-O 5. Bd3 d5 6. Nf3 b6 7. O-O Bb7 8. cxd5
exd5 9. a3 Bd6 10. b4 a6 11. b5 axb5 12. Nxb5 Be7 13. a4 Nbd7 14. Ba3 c5 15.
Bc2 Re8 16. Qb1 Bf8 17. Rd1 Bc6 18. Bb2 g6 19. Bc3 Ne4 20. Be1 Bg7 21. Ra3 Re7
22. Nc3 Nef6 23. Ra2 Qc7 24. Bb3 Rb8 25. h3 Ree8 26. Ra1 Nf8 27. Qa2 Ne6 28.
Rac1 Ra8 29. dxc5 Nxc5 30. Nd4 Bb7 31. Nxd5 Nxd5 32. Bxd5 Bxd5 33. Qxd5 Rxa4
34. Nb5 Qe7 35. Qc6 Rb8 36. Nc3 Ra7 37. Nd5 Qe6 38. Qb5 Rab7 39. Bb4 Ne4 40.
Rc6 Qe8 41. Qc4 Rd7 42. f3 Nc5 43. Bxc5 bxc5 44. Rxc5 h5 45. f4 Ra7 46. Qd3 Ra2
47. f5 Rbb2 48. Rc8 Rxg2+ 49. Kf1 Raf2+ 50. Ke1 Qxc8 51. Ne7+ Kh7 52. Nxc8 Bc3+
1/2-1/2

[Event "IX EICC"]
[Site "Plovdiv BUL"]
[Date "2008.04.24"]
[Round "4"]
[White "Mastrovasilis, A."]
[Black "Kovacevic, A."]
[Result "0-1"]
[WhiteElo "2524"]
[BlackElo "2616"]
[PlyCount "114"]
[EventDate "2008.04.21"]
[SourceDate "1999.07.01"]

1. d4 Nf6 2. c4 e6 3. Nc3 Bb4 4. e3 O-O 5. Bd3 d5 6. Nf3 c5 7. O-O dxc4 8. Bxc4
Nbd7 9. a3 cxd4 10. Nb5 Be7 11. Nbxd4 e5 12. Nf5 Nb6 13. Nxe7+ Qxe7 14. Be2 Rd8
15. Bd2 Bg4 16. Bb4 Qe8 17. Qe1 Nbd5 18. h3 Bh5 19. Nh4 Nxb4 20. axb4 Bxe2 21.
Qxe2 Qe7 22. b5 Qb4 23. Nf3 Rd5 24. Rfd1 Qxb5 25. Qxb5 Rxb5 26. Rxa7 Rc8 27. b4
e4 28. Nd4 Rxb4 29. Nf5 Kf8 30. Rd4 Rxd4 31. exd4 g6 32. Nd6 Rd8 33. Nxb7 Rxd4
34. Nc5 Rd5 35. Rc7 h5 36. Kf1 h4 37. Ke2 g5 38. Rc6 Kg7 39. Rc7 Kg6 40. Rc6
Rd4 41. Nb7 Rd5 42. Nc5 Kg7 43. Rc7 Ne8 44. Rc8 Nd6 45. Rd8 f5 46. f3 Rxc5 47.
Rxd6 Rc2+ 48. Ke3 Rxg2 49. fxe4 Rg3+ 50. Kd4 fxe4 51. Kxe4 Rxh3 52. Kf5 Rg3 53.
Rd7+ Kh6 54. Rd8 h3 55. Ra8 g4 56. Ra7 h2 57. Ra8 Rg2 0-1

[Event "IX EICC"]
[Site "Plovdiv BUL"]
[Date "2008.04.25"]
[Round "5"]
[White "Werle, J."]
[Black "Kryvoruchko, Y."]
[Result "1-0"]
[WhiteElo "2581"]
[BlackElo "2612"]
[PlyCount "67"]
[EventDate "2008.04.21"]
[SourceDate "1999.07.01"]

1. d4 Nf6 2. c4 e6 3. Nc3 Bb4 4. e3 O-O 5. Bd3 d5 6. a3 Bxc3+ 7. bxc3 dxc4 8.
Bxc4 c5 9. Ne2 Nbd7 10. O-O b6 11. Ng3 Bb7 12. Re1 Qc7 13. Ba2 e5 14. e4 Rad8
15. d5 Ne8 16. Bg5 Ndf6 17. Nf5 Bc8 18. d6 Qb7 19. Bd5 Qa6 20. Ne7+ Kh8 21. Nc6
Rxd6 22. Nxe5 Nxd5 23. exd5 Nf6 24. Bxf6 gxf6 25. Qh5 Qb7 26. Rad1 b5 27. Nc6
Qd7 28. h3 Re8 29. Qh6 Kg8 30. Rxe8+ Qxe8 31. Rd3 Bf5 32. Re3 Be4 33. f3 Rxd5
34. fxe4 1-0

[Event "IX EICC"]
[Site "Plovdiv BUL"]
[Date "2008.04.26"]
[Round "6"]
[White "Iotov, V."]
[Black "Kovacevic, A."]
[Result "1/2-1/2"]
[WhiteElo "2531"]
[BlackElo "2616"]
[PlyCount "53"]
[EventDate "2008.04.21"]
[SourceDate "1999.07.01"]

1. d4 Nf6 2. c4 e6 3. Nc3 Bb4 4. e3 O-O 5. Bd3 d5 6. Nf3 b6 7. O-O dxc4 8. Bxc4
Bb7 9. Qe2 c5 10. Rd1 cxd4 11. exd4 Nbd7 12. Bd3 Nd5 13. Bd2 Bd6 14. Ne5 Nxc3
15. Bxc3 Nf6 16. Bd2 Be7 17. Bg5 Rc8 18. Bxf6 Bxf6 19. Be4 Qc7 20. Ng4 Bg5 21.
Bxb7 Qxb7 22. Qe5 h6 23. f4 Bh4 24. Rac1 Rfd8 25. Rc3 Rxc3 26. bxc3 Qa6 27. Qh5
1/2-1/2

[Event "TCh-RUS Major League"]
[Site "Dagomys RUS"]
[Date "2008.04.05"]
[Round "3"]
[White "Korobov, A."]
[Black "Brodsky, M."]
[Result "1-0"]
[WhiteElo "2590"]
[BlackElo "2549"]
[PlyCount "149"]
[EventDate "2008.04.02"]
[SourceDate "1999.07.01"]

1. d4 Nf6 2. c4 e6 3. Nc3 Bb4 4. e3 O-O 5. Bd3 d5 6. Nf3 c5 7. O-O dxc4 8. Bxc4
cxd4 9. exd4 b6 10. Re1 Bb7 11. Bd3 Nbd7 12. a3 Bxc3 13. bxc3 Qc7 14. c4 Rfd8
15. h3 Rac8 16. Bb2 Nf8 17. Ne5 Ng6 18. Rc1 Nf4 19. Bf1 Ng6 20. Qb3 Ne4 21. Nf3
Qf4 22. Rc2 Qb8 23. a4 Bc6 24. Ra1 Nf6 25. a5 Qb7 26. axb6 axb6 27. Ne1 Ra8 28.
Rcc1 Ne7 29. Rxa8 Rxa8 30. Nd3 Ba4 31. Qb4 Be8 32. Rb1 Nc6 33. Qe1 Rd8 34. Qe3
Qc7 35. d5 exd5 36. Bxf6 gxf6 37. Nf4 Qe5 38. Nxd5 Qxe3 39. fxe3 Kg7 40. Rxb6
Rc8 41. Kh2 Bd7 42. Rb7 Ne5 43. Nb6 Rd8 44. Nxd7 Nxd7 45. Rb2 Re8 46. Rd2 Nc5
47. Rd5 Nb3 48. Rd3 Nc5 49. Ra3 h6 50. Be2 Re4 51. Bf3 Re7 52. Bd5 f5 53. Kg3
Kf6 54. Kf3 Rc7 55. Ke2 Ke5 56. Ra8 Kf6 57. Kd2 Ne6 58. Kc3 Nc5 59. Kb4 Nd3+
60. Kb5 Re7 61. c5 f4 62. e4 Ke5 63. Rf8 Nf2 64. c6 Nxe4 65. Bxe4 Kxe4 66. Kb6
f3 67. gxf3+ Kxf3 68. c7 Rxc7 69. Kxc7 Kg3 70. Rxf7 h5 71. Rg7+ Kxh3 72. Kd6 h4
73. Ke5 Kh2 74. Kf4 h3 75. Kg4 1-0

[Event "II ch-Ibero-Americano Gp A"]
[Site "Linares ESP"]
[Date "2008.03.04"]
[Round "6"]
[White "Flores, Di"]
[Black "Granda Zuniga, J."]
[Result "1-0"]
[WhiteElo "2558"]
[BlackElo "2588"]
[PlyCount "85"]
[EventDate "2008.02.15"]
[SourceDate "1999.07.01"]

1. d4 Nf6 2. c4 e6 3. Nc3 Bb4 4. e3 c5 5. Nge2 b6 6. a3 Ba5 7. Rb1 Qe7 8. Bd2
Na6 9. d5 O-O 10. g3 exd5 11. Bg2 Rb8 12. cxd5 d6 13. O-O b5 14. b4 cxb4 15.
axb4 Bxb4 16. Nd4 Bd7 17. Ra1 Rb6 18. Ra2 Bc5 19. Nce2 Ne4 20. Be1 b4 21. Qa1
Bxd4 22. Nxd4 Nec5 23. Bd2 Rfb8 24. Rb1 Qe8 25. Ra5 h6 26. h4 R8b7 27. Kh2 Qe5
28. e4 Qe7 29. f3 Qf6 30. Bc1 Nc7 31. Rxa7 Rxa7 32. Qxa7 Rb7 33. Qa1 Qe5 34.
Bb2 Qh5 35. Nc6 f6 36. Bxf6 gxf6 37. Qxf6 Bxc6 38. dxc6 Rb8 39. Qxd6 N5e6 40.
Bh3 Re8 41. Bg4 Qf7 42. Rxb4 Qe7 43. e5 1-0

[Event "XXIV Open"]
[Site "Cappelle La Grande FRA"]
[Date "2008.02.20"]
[Round "6"]
[White "Vitiugov, N."]
[Black "Kravtsiv, M."]
[Result "1/2-1/2"]
[WhiteElo "2609"]
[BlackElo "2516"]
[PlyCount "119"]
[EventDate "2008.02.16"]
[SourceDate "1999.07.01"]

1. d4 Nf6 2. c4 e6 3. Nc3 Bb4 4. e3 O-O 5. Bd3 d5 6. Nf3 c5 7. O-O Nc6 8. a3
Bxc3 9. bxc3 dxc4 10. Bxc4 Qc7 11. Ba2 e5 12. h3 b6 13. Bb2 Ba6 14. Re1 e4 15.
Nd2 Rad8 16. f3 Bd3 17. Nxe4 Bxe4 18. fxe4 Nxe4 19. Qf3 Qe7 20. Rad1 Na5 21. c4
Nb7 22. Bb1 f5 23. Bd3 Nbd6 24. Qf4 Qe6 25. d5 Qe7 26. Kh2 Rde8 27. Re2 Rf7 28.
Rg1 Qc7 29. g3 Qe7 30. a4 Qd7 31. Ra1 a6 32. Rg2 b5 33. axb5 axb5 34. cxb5 c4
35. Bc2 c3 36. Bc1 Nxb5 37. Ra5 Qxd5 38. Qf1 Rb7 39. Bd3 Ned6 40. Rf2 g6 41. e4
Rxe4 42. Bxe4 Nxe4 43. Rfa2 Nd2 44. Bxd2 cxd2 45. Ra1 Qc6 46. Qd3 Rd7 47. Qb3+
Qd5 48. Qxd5+ Rxd5 49. Rd1 Kf7 50. Ra2 Nd4 51. Kg2 Nb3 52. Rb2 Rd3 53. Rxb3
Rxb3 54. Rxd2 Kf6 55. h4 f4 56. gxf4 Kf5 57. h5 gxh5 58. Rd5+ Kg4 59. Rg5+ Kxf4
60. Rxh5 1/2-1/2

[Event "4th Open A"]
[Site "Moscow RUS"]
[Date "2008.02.10"]
[Round "9"]
[White "Rakhmanov, Ale"]
[Black "Naiditsch, A."]
[Result "0-1"]
[WhiteElo "2524"]
[BlackElo "2638"]
[PlyCount "78"]
[EventDate "2008.02.02"]
[SourceDate "1999.07.01"]

1. d4 Nf6 2. c4 e6 3. Nc3 Bb4 4. e3 O-O 5. Bd3 d5 6. cxd5 exd5 7. Nge2 Re8 8.
Bd2 a5 9. Rc1 b6 10. O-O Ba6 11. Bb1 Bd6 12. f3 c5 13. Rf2 Nc6 14. a3 h5 15.
Kh1 Rc8 16. Qa4 Qd7 17. Rg1 b5 18. Nxb5 Nxd4 19. exd4 Bxb5 20. Qd1 h4 21. g4
Bxe2 22. Rxe2 Qb5 23. Rge1 Rxe2 24. Qxe2 Qxb2 25. dxc5 Bxc5 26. g5 Re8 27. Qd1
Rxe1+ 28. Qxe1 Qxa3 29. Kg2 Ne4 30. Bxe4 dxe4 31. Qxe4 Qa2 32. Qe8+ Kh7 33. g6+
fxg6 34. Qe1 g5 35. Kh3 Qd5 36. Kg4 Qd7+ 37. Kxg5 Qe7+ 38. Kf5 Qxe1 39. Bxe1 a4
0-1

[Event "13th HIT Open A"]
[Site "Nova Gorica SLO"]
[Date "2008.01.29"]
[Round "6"]
[White "Milanovic, Da"]
[Black "Cebalo, M."]
[Result "1/2-1/2"]
[WhiteElo "2510"]
[BlackElo "2547"]
[PlyCount "113"]
[EventDate "2008.01.26"]
[SourceDate "1999.07.01"]

1. d4 Nf6 2. c4 e6 3. Nc3 Bb4 4. e3 b6 5. Bd3 Bb7 6. Nge2 c5 7. O-O O-O 8. d5
exd5 9. cxd5 d6 10. e4 Nbd7 11. a3 Bxc3 12. Nxc3 Rc8 13. Bf4 Ne5 14. Bc2 a6 15.
Bg3 b5 16. Re1 Re8 17. f4 Ng6 18. Qf3 b4 19. Nd1 a5 20. b3 c4 21. bxc4 Rxc4 22.
Bd3 Rc8 23. axb4 axb4 24. Rb1 Qa5 25. Re2 Ba6 26. Bxa6 Qxa6 27. Re3 Qc4 28. Be1
Rb8 29. Nf2 Nxf4 30. Qxf4 Nxd5 31. Qf3 Nxe3 32. Qxe3 Qc5 33. Qd3 h6 34. Kf1
Rec8 35. Bd2 Kf8 36. h3 Qc4 37. Ke2 b3 38. Qxc4 Rxc4 39. Kd3 Rc6 40. Nd1 h5 41.
Ne3 g6 42. Bc3 Rb5 43. Ra1 f5 44. exf5 gxf5 45. Rf1 b2 46. Bxb2 Rxb2 47. Rxf5+
Ke7 48. Rxh5 Ra6 49. Nd5+ Kd7 50. g4 Ra3+ 51. Ke4 Ra4+ 52. Kf5 Rf2+ 53. Kg6 Ke6
54. Nc7+ Kd7 55. Nd5 Ke6 56. Nc7+ Kd7 57. Nd5 1/2-1/2

[Event "FINEC GMA"]
[Site "St Petersburg RUS"]
[Date "2008.02.01"]
[Round "9"]
[White "Brodsky, M."]
[Black "Kveinys, A."]
[Result "1/2-1/2"]
[WhiteElo "2572"]
[BlackElo "2521"]
[PlyCount "47"]
[EventDate "2008.01.24"]
[SourceDate "1999.07.01"]

1. d4 Nf6 2. c4 e6 3. Nc3 Bb4 4. e3 c5 5. Nge2 cxd4 6. exd4 O-O 7. a3 Be7 8. d5
exd5 9. cxd5 Re8 10. d6 Bf8 11. g3 Re6 12. Bf4 Nh5 13. Be3 Rxd6 14. Qc2 Nc6 15.
Bg2 b6 16. b4 Bb7 17. O-O Rc8 18. Qa2 Ba8 19. Nd5 h6 20. Nec3 Nf6 21. Bf4 Re6
22. Rfd1 Nxd5 23. Nxd5 Ne5 24. Qb3 1/2-1/2

[Event "38th Olympiad"]
[Site "Dresden GER"]
[Date "2008.11.14"]
[Round "2"]
[White "Peralta, Fe"]
[Black "Parligras, M."]
[Result "1/2-1/2"]
[WhiteElo "2557"]
[BlackElo "2611"]
[PlyCount "44"]
[EventDate "2008.11.13"]
[SourceDate "1999.07.01"]

1. d4 Nf6 2. c4 e6 3. Nc3 Bb4 4. e3 O-O 5. Bd3 d5 6. Nf3 c5 7. O-O dxc4 8. Bxc4
Nbd7 9. Qb3 b6 10. d5 Bxc3 11. dxe6 Ba5 12. exd7 Qxd7 13. Rd1 Qe7 14. Bd2 Bxd2
15. Nxd2 Bb7 16. Nf1 Bc6 17. a4 Rfd8 18. Ng3 g6 19. Bb5 Bd5 20. Bc4 Bc6 21. Bb5
Bd5 22. Bc4 Bc6 1/2-1/2

[Event "Russia Cup Final"]
[Site "Serpuhov RUS"]
[Date "2008.11.05"]
[Round "1.1"]
[White "Potkin, V."]
[Black "Maletin, P."]
[Result "1-0"]
[WhiteElo "2613"]
[BlackElo "2563"]
[PlyCount "125"]
[EventDate "2008.11.05"]
[SourceDate "1999.07.01"]

1. d4 Nf6 2. c4 e6 3. Nc3 Bb4 4. e3 b6 5. Nge2 Ba6 6. Ng3 O-O 7. e4 d6 8. Bd3
e5 9. O-O Bxc3 10. bxc3 Nbd7 11. f4 Bb7 12. fxe5 dxe5 13. Bg5 h6 14. Be3 Kh8
15. Qf3 Ng8 16. Nf5 f6 17. Rad1 Ne7 18. Ng3 c5 19. d5 Rf7 20. a4 Qf8 21. h4 Nc8
22. Nf5 Nd6 23. g4 Kg8 24. Kh2 Qb8 25. Rg1 Nf8 26. Rdf1 Ng6 27. Bxh6 Nxh4 28.
Nxh4 gxh6 29. Nf5 Nxf5 30. gxf5+ Kf8 31. Rg6 Ke7 32. Rfg1 Qd6 33. Qh5 Raf8 34.
Rg7 Qd7 35. Bc2 Kd6 36. Rxf7 Rxf7 37. Rg6 Ba6 38. Bb3 Qe7 39. Kg3 Bc8 40. Qxh6
Bd7 41. Bd1 Kc7 42. Kg2 Be8 43. Rg8 Kd6 44. Rh8 Rg7+ 45. Kf2 Bd7 46. Ra8 Rh7
47. Qf8 Qxf8 48. Rxf8 Ke7 49. Ra8 Rh2+ 50. Ke3 a5 51. Rb8 Rb2 52. Rh8 Ra2 53.
Rh7+ Ke8 54. Rh8+ Ke7 55. Rh7+ Ke8 56. Bh5+ Kd8 57. Bf7 Bxa4 58. Be6 Rc2 59. d6
Rxc3+ 60. Kd2 Rc2+ 61. Kd3 Rc1 62. Rh8+ Be8 63. Kd2 1-0

[Event "Russia Cup Final"]
[Site "Serpuhov RUS"]
[Date "2008.11.09"]
[Round "3.1"]
[White "Volkov, Sergey1"]
[Black "Savchenko, B."]
[Result "1/2-1/2"]
[WhiteElo "2632"]
[BlackElo "2648"]
[PlyCount "62"]
[EventDate "2008.11.05"]
[SourceDate "1999.07.01"]

1. d4 Nf6 2. c4 e6 3. Nc3 Bb4 4. e3 O-O 5. Nge2 d5 6. a3 Be7 7. cxd5 Nxd5 8.
Bd2 Nd7 9. g3 N5b6 10. Bg2 e5 11. O-O exd4 12. Nxd4 Ne5 13. Qc2 c5 14. Nf5 Bf6
15. e4 Qd3 16. Rac1 Be6 17. Be3 Qxc2 18. Rxc2 Bb3 19. Rd2 Nbc4 20. Re2 Nd3 21.
Rb1 Rad8 22. h4 g6 23. Nh6+ Kg7 24. Ng4 Nxe3 25. Nxe3 Rfe8 26. Rd2 c4 27. Ned5
Bd4 28. Bf1 a5 29. Bxd3 cxd3 30. Rxd3 Bxc3 31. Rxc3 Bxd5 1/2-1/2

[Event "XXXII Tenkes Cup"]
[Site "Harkany HUN"]
[Date "2008.11.20"]
[Round "7"]
[White "Erdos, V."]
[Black "Corrales Jimenez, F."]
[Result "1/2-1/2"]
[WhiteElo "2577"]
[BlackElo "2552"]
[PlyCount "22"]
[EventDate "2008.11.14"]
[SourceDate "1999.07.01"]

1. d4 Nf6 2. c4 e6 3. Nc3 Bb4 4. e3 d5 5. a3 Be7 6. Nf3 Nbd7 7. cxd5 exd5 8. b4
O-O 9. Qb3 Nb6 10. Bd3 a5 11. b5 c5 1/2-1/2

[Event "38th Olympiad"]
[Site "Dresden GER"]
[Date "2008.11.25"]
[Round "11"]
[White "Aleksandrov, A."]
[Black "Polgar, Ju"]
[Result "0-1"]
[WhiteElo "2617"]
[BlackElo "2711"]
[PlyCount "68"]
[EventDate "2008.11.13"]
[SourceDate "1999.07.01"]

1. d4 Nf6 2. c4 e6 3. Nc3 Bb4 4. e3 O-O 5. Bd3 d5 6. Nge2 dxc4 7. Bxc4 c5 8. a3
Bxc3+ 9. bxc3 Qc7 10. Bd3 Nc6 11. O-O e5 12. Qc2 Be6 13. dxe5 Nxe5 14. Nf4 Nxd3
15. Qxd3 Rad8 16. Nxe6 fxe6 17. Qc4 Qc6 18. Rb1 Nd7 19. Qb3 b6 20. c4 Ne5 21.
Bb2 Nd3 22. Rbd1 Qe4 23. Qc2 Qg6 24. Bc3 Rd7 25. f3 Rfd8 26. Rd2 Qh6 27. Re2 e5
28. Rd1 Qh4 29. Bd2 e4 30. fxe4 Qg4 31. Be1 Nf4 32. exf4 Rxd1 33. e5 Qxf4 34.
e6 Rf8 0-1

[Event "Remco Heite"]
[Site "Wolvega NED"]
[Date "2008.11.28"]
[Round "1"]
[White "Jussupow, Ar"]
[Black "Macieja, B."]
[Result "1/2-1/2"]
[WhiteElo "2570"]
[BlackElo "2600"]
[PlyCount "58"]
[EventDate "2008.11.28"]
[SourceDate "1999.07.01"]

1. d4 Nf6 2. c4 e6 3. Nc3 Bb4 4. e3 O-O 5. Nge2 d5 6. a3 Be7 7. cxd5 exd5 8.
Ng3 c5 9. dxc5 Bxc5 10. Be2 a6 11. b4 Ba7 12. Bb2 Nc6 13. b5 Na5 14. O-O Be6
15. Rb1 d4 16. exd4 Bxd4 17. bxa6 bxa6 18. Nce4 Bxb2 19. Rxb2 Nxe4 20. Nxe4 Nc4
21. Qxd8 Rfxd8 22. Bxc4 Bxc4 23. Rc1 Bb5 24. f3 Kf8 25. Kf2 Rd4 26. g4 Rad8 27.
Rc3 h6 28. h4 Rd3 29. Rbc2 Rd1 1/2-1/2

[Event "Encontro Internacional de Xadrez"]
[Site "Brasilia BRA"]
[Date "2008.12.05"]
[Round "1"]
[White "Flores, Di"]
[Black "Mecking, H."]
[Result "1/2-1/2"]
[WhiteElo "2569"]
[BlackElo "2567"]
[PlyCount "45"]
[EventDate "2008.12.05"]
[SourceDate "1999.07.01"]

1. c4 Nf6 2. Nc3 e6 3. d4 Bb4 4. e3 O-O 5. Bd3 c5 6. Nf3 d5 7. O-O cxd4 8. exd4
dxc4 9. Bxc4 b6 10. Bg5 Bb7 11. Rc1 Nc6 12. Bd3 Be7 13. Bb1 Rc8 14. a3 Re8 15.
Qd3 g6 16. Rfe1 Na5 17. Ba2 Ng4 18. Bxe7 Rxe7 19. d5 exd5 20. Nxd5 Rxe1+ 21.
Rxe1 Bxd5 22. Bxd5 Nf6 23. Be4 1/2-1/2

[Event "15th Croatian Open A"]
[Site "Zadar CRO"]
[Date "2008.12.16"]
[Round "4"]
[White "Milanovic, Da"]
[Black "Cvitan, O."]
[Result "1-0"]
[WhiteElo "2553"]
[BlackElo "2541"]
[PlyCount "103"]
[EventDate "2008.12.14"]
[SourceDate "1999.07.01"]

1. d4 Nf6 2. c4 e6 3. Nc3 Bb4 4. e3 O-O 5. Bd3 d5 6. cxd5 exd5 7. Nge2 Re8 8.
a3 Bd6 9. b4 Bg4 10. f3 Bh5 11. Ng3 Bg6 12. Nf5 Bf8 13. Ne2 c6 14. Rb1 Nbd7 15.
O-O Nb6 16. g4 Nc8 17. Nf4 Nd6 18. Qc2 Rc8 19. Bd2 Bxf5 20. gxf5 b5 21. Rbe1
Nc4 22. Bxc4 bxc4 23. Bc3 Bd6 24. Nh3 Nd7 25. e4 Qh4 26. Qg2 f6 27. Re2 Re7 28.
Be1 Qh5 29. Bg3 Bxg3 30. hxg3 Rce8 31. g4 Qf7 32. g5 fxg5 33. Nxg5 Qf6 34. Rd1
h6 35. Nh3 dxe4 36. fxe4 c3 37. Nf2 Qf7 38. Qf3 Nf6 39. e5 Nd5 40. Ne4 Rd8 41.
Rg2 Kh8 42. Kf2 c2 43. Rh1 Qf8 44. Rg6 Rf7 45. f6 c1=Q 46. Rxc1 gxf6 47. Rh1
Rh7 48. exf6 Rdd7 49. Rhg1 Rdf7 50. Ke2 Qe8 51. Rg8+ Qxg8 52. Rxg8+ 1-0

[Event "18th North American Open"]
[Site "Las Vegas USA"]
[Date "2008.12.28"]
[Round "5"]
[White "Kacheishvili, G."]
[Black "Izoria, Z."]
[Result "1/2-1/2"]
[WhiteElo "2572"]
[BlackElo "2610"]
[PlyCount "31"]
[EventDate "2008.12.26"]
[SourceDate "1999.07.01"]

1. d4 Nf6 2. c4 e6 3. Nc3 Bb4 4. e3 c5 5. Bd3 d5 6. Nf3 cxd4 7. exd4 dxc4 8.
Bxc4 O-O 9. O-O b6 10. Bg5 Bb7 11. Ne5 Bxc3 12. bxc3 Qc7 13. Bxf6 gxf6 14. Qg4+
Kh8 15. Qh4 fxe5 16. Qf6+ 1/2-1/2

[Event "Open A"]
[Site "Gjovik NOR"]
[Date "2009.01.04"]
[Round "6"]
[White "Malakhatko, V."]
[Black "De Firmian, N."]
[Result "1/2-1/2"]
[WhiteElo "2633"]
[BlackElo "2545"]
[PlyCount "46"]
[EventDate "2008.12.29"]
[SourceDate "1999.07.01"]

1. d4 Nf6 2. c4 e6 3. Nc3 Bb4 4. e3 b6 5. Nge2 Ba6 6. a3 Bxc3+ 7. Nxc3 d5 8. b3
O-O 9. a4 dxc4 10. Ba3 Re8 11. bxc4 Nc6 12. Be2 Qd7 13. O-O Red8 14. Qc2 Na5
15. Nb5 Bb7 16. f3 Ne8 17. Bb2 c6 18. Na3 c5 19. Rfd1 Qe7 20. Bc3 Qg5 21. Kf2
Qh4+ 22. Kg1 Qg5 23. Kf2 Qh4+ 1/2-1/2

[Event "14th Open"]
[Site "Bosnjaci CRO"]
[Date "2009.01.08"]
[Round "8"]
[White "Saric, A."]
[Black "Brkic, A."]
[Result "1/2-1/2"]
[WhiteElo "2514"]
[BlackElo "2550"]
[PlyCount "35"]
[EventDate "2009.01.03"]
[SourceDate "1999.07.01"]

1. d4 Nf6 2. c4 e6 3. Nc3 Bb4 4. e3 c5 5. Nge2 cxd4 6. exd4 O-O 7. a3 Be7 8.
Nf4 d5 9. cxd5 Nxd5 10. Ncxd5 exd5 11. Bd3 Nc6 12. O-O Bg5 13. Be3 Bxf4 14.
Bxf4 Qf6 15. Be3 Bf5 16. Bb5 a6 17. Bxc6 Qxc6 18. Qd2 1/2-1/2

[Event "7th Gibtelecom Masters"]
[Site "Caleta ENG"]
[Date "2009.02.02"]
[Round "7"]
[White "Berkes, F."]
[Black "Lopez Martinez, Josep"]
[Result "0-1"]
[WhiteElo "2651"]
[BlackElo "2540"]
[PlyCount "88"]
[EventDate "2009.01.27"]
[SourceDate "1999.07.01"]

1. d4 Nf6 2. c4 e6 3. Nc3 Bb4 4. e3 d5 5. Bd3 O-O 6. Nf3 c5 7. O-O Nc6 8. a3
Bxc3 9. bxc3 Qc7 10. Bb2 Na5 11. cxd5 exd5 12. Ne5 Re8 13. Qe2 c4 14. Bc2 Ne4
15. f3 Nd6 16. h3 f6 17. Ng4 Bf5 18. Rfe1 Qd7 19. Rad1 Re7 20. a4 Bxc2 21. Qxc2
Rae8 22. Ba3 h5 23. Nh2 Rxe3 24. Rxe3 Rxe3 25. Nf1 Re6 26. Ng3 h4 27. Bxd6 hxg3
28. Bxg3 Nb3 29. Kh2 Qxa4 30. Qf5 Qd7 31. h4 Re7 32. Qg6 a5 33. h5 a4 34. h6 a3
35. Qc2 Qe8 36. Qa2 Re2 37. Qxa3 Nd2 38. Rxd2 Rxd2 39. hxg7 Kxg7 40. Qd6 Qf7
41. Bh4 Re2 42. Qg3+ Kh7 43. Qf4 Qg6 44. Qc7+ Qg7 0-1

[Event "Open"]
[Site "Moscow RUS"]
[Date "2009.01.31"]
[Round "1"]
[White "Aleksandrov, A."]
[Black "Kotsur, P."]
[Result "0-1"]
[WhiteElo "2636"]
[BlackElo "2563"]
[PlyCount "73"]
[EventDate "2009.01.31"]
[SourceDate "1999.07.01"]

1. d4 e6 2. c4 Nf6 3. Nc3 Bb4 4. e3 O-O 5. Bd3 c5 6. Nf3 d5 7. O-O Nc6 8. cxd5
exd5 9. dxc5 Bxc5 10. b3 a6 11. Bb2 Bg4 12. Be2 Rc8 13. h3 Be6 14. Qb1 Qe7 15.
Ng5 d4 16. exd4 Nxd4 17. Bd3 h6 18. Nxe6 Qxe6 19. Bc4 Qe5 20. Kh1 Nf3 21. g3
Nd2 22. Nd5 Bd4 23. Nxf6+ Qxf6 24. Bxd4 Qf3+ 25. Kg1 Nxb1 26. Rfxb1 Rfd8 27.
Be3 b5 28. Bf1 Rc2 29. Bg2 Qf6 30. Re1 Re8 31. Ba7 Ree2 32. Rad1 Rxa2 33. Rxe2
Rxe2 34. b4 Qe7 35. Bc5 Re1+ 36. Kh2 Qxc5 37. Rxe1 0-1